000
00292nam a22001217a 4500
008
180927b xxu||||| |||| 00| 0 eng d
041
_a
eng
080
_a
610
100
_a
4
101
_a
SHM
245
_a
Summary of drug interactions with oral contraceptives
_c
Geurts,T.B
942
_2
udc
_c
BK
999
_c
48548
_d
48548